Hanák Nábytek, a. s.

Bibliographic Details
Main Author: Koudelková, Dagmar (Author)
Format: Article
Language:Slovak
Czech
PhysicalDescription:Fotogr.
ISSN:1335-7018
Subjects:

MARC

LEADER 00000nab a2200000 a 4500
001 vtls009478335
003 SK-MaSNL
005 20260304151414.0
008 250506c2009 xo |||||||||||000 b|slo
015 |a SNBRB2009/02  |2 snkbucl 
035 |a (uuid)5ab21b5f-5d8c-44de-a8f8-1fd461779fd6 
035 |a urn:nbn:sk:snk-ab9euw 
035 |a (urnnbn)urn:nbn:sk:snk:ar-a08bvg 
038 |a SNKBUCL 
040 |a SNKBUCL  |b slo  |c SNKBUCL  |e AACR2 
041 0 |a cze 
044 |a xo  |c SK 
080 |a 684.4:061.5  |x (437.1/.2)  |2 1997 
100 1 |a Koudelková, Dagmar  |4 aut  |9 865396 
245 1 0 |a Hanák Nábytek, a. s.  |c Dagmar Koudelková 
300 |b Fotogr. 
610 2 7 |a Hanák Nábytok (Kroměříž, Česko)  |2 snkbucl  |9 1418442 
773 0 |t Stolársky magazín  |g Roč. 10, č. 1-2 (2009), s. 24-25  |x 1335-7018 
850 |a Slovenská národná knižnica 
852 |a Slovenská národná knižnica 
958 |a article13 
958 |a OND 
958 |a CZ 
958 |a EUIPO 
999 |c 2943408  |d 2945338